Wilhelm von Humboldt: politiker und pädagoge
Tallennettuna:
| Päätekijät: | , |
|---|---|
| Aineistotyyppi: | Kirja |
| Kieli: | saksa |
| Julkaistu: |
Colonia
Inter Nationes
1967
|
| Painos: | 1a. ed |
| Sarja: | 58 p
|
| Aiheet: | |
| Tagit: |
Lisää tagi
Ei tageja, Lisää ensimmäinen tagi!
|
MARC
| LEADER | 00000cam a2200000 a 4500 | ||
|---|---|---|---|
| 001 | UCD4642 | ||
| 003 | CL-VaPUC | ||
| 008 | 160713e19670000gw |||||||||||||||||ger|d | ||
| 082 | 0 | 4 | |a 320.01 |b KNO |2 21 |
| 100 | 0 | |a Knoll, Joachim |e author |9 588372 | |
| 700 | 0 | |a Siebert, Horst |e author |9 588373 | |
| 245 | 1 | 0 | |a Wilhelm von Humboldt: politiker und pädagoge |
| 250 | |a 1a. ed | ||
| 300 | |a 58 p | ||
| 942 | |c BK | ||
| 945 | |d 20160713 20:53:00 |a arojas | ||
| 260 | |a Colonia |b Inter Nationes |c 1967 | ||
| 600 | 0 | |a Humboldt, Wilhelm Freiherr von |d 1767-1835 |9 588374 | |
| 650 | 0 | |a Estado |9 255503 | |
| 650 | 0 | |a Ciencias Políticas |9 255201 | |
| 650 | 0 | |a Humanismo |9 256530 | |
| 583 | |a last modification |c 20160713 20:53:00 |k Rodrigo Vera | ||
| 490 | 0 | |a 58 p | |
| 999 | |c 365513 |d 365511 | ||
| 952 | |0 0 |1 0 |3 erb |4 0 |6 320_010000000000000_KNO_1967 |7 0 |8 A |9 479394 |a FDOHBE |b FDOHBE |e Huesbe Llanos, Marco Antonio, 1934- |i 5308267 |o 320.01 KNO 1967 |p 5308267 |r 2024-01-30 |w 2019-11-24 |y BK |z Catalogado en:20160713 |k HBE | ||